[Event "Mecklenburg VP Landesliga Ost 1920"]
[Site "Mecklenburg VP"]
[Date "2019.12.08"]
[Round "4.6"]
[White "Bollnow, Alex"]
[Black "Vietinghoff, Klaus"]
[Result "1-0"]
[WhiteElo "1659"]
[BlackElo "1796"]
[PlyCount "62"]
[EventDate "2019.09.29"]
[EventType "team-tourn"]
[EventRounds "9"]
[EventCountry "GER"]
[SourceTitle "EXT 2023"]
[Source "ChessBase"]
[SourceDate "2022.10.05"]
[SourceVersion "1"]
[SourceVersionDate "2022.10.05"]
[SourceQuality "1"]
[WhiteTeam "Torgelow II"]
[BlackTeam "Stralsund HSG II"]
[WhiteTeamCountry "GER"]
[BlackTeamCountry "GER"]

1. e4 d6 2. d4 g6 3. Nf3 Bg7 4. c4 Nf6 5. Nc3 Bg4 6. Be3 Nbd7 7. h3 Bxf3 8. Qxf3 e5 9. d5 0-0 10. g4 a6 11. h4 h5 12. gxh5 Nxh5 13. Be2 Ndf6 14. Bg5 Kh7 15. Qe3 Qd7 16. 0-0-0 Ng4 17. Qf3 Nh6 18. Rdg1 f6 19. Be3 Qf7 20. Qh3 Nf4 21. Qf3 Nh5 22. Rg2 Rg8 23. Rhg1 Bf8 24. Kb1 Qd7 25. Bd2 Re8 26. Rxg6 Rxg6 27. Rxg6 Qf7 28. Rg1 Ng7 29. h5 Re7 30. Bxh6 Kxh6 31. Rg6+ Kh7 1-0

[Event "Mecklenburg VP LL2 Ost 1819"]
[Site "Mecklenburg VP"]
[Date "2019.04.07"]
[Round "9.3"]
[White "Vietinghoff, Klaus"]
[Black "Floegel, Thomas"]
[Result "0-1"]
[WhiteElo "1694"]
[BlackElo "1695"]
[PlyCount "66"]
[EventDate "2018.10.21"]
[EventType "team-tourn"]
[EventRounds "9"]
[EventCountry "GER"]
[SourceTitle "EXT 2022"]
[Source "ChessBase"]
[SourceDate "2021.10.06"]
[SourceVersion "1"]
[SourceVersionDate "2021.10.06"]
[SourceQuality "1"]
[WhiteTeam "Stralsund FHSG II"]
[BlackTeam "Ribnitz Damgarten"]
[WhiteTeamCountry "GER"]
[BlackTeamCountry "GER"]

1. f4 d5 2. Nf3 c5 3. e3 Nf6 4. b3 Nc6 5. Bb5 Bd7 6. 0-0 e6 7. Bb2 Be7 8. Bxc6 Bxc6 9. Ne5 Bb5 10. d3 0-0 11. Nd2 Qc7 12. g4 Nd7 13. Ndf3 f6 14. Nxd7 Bxd7 15. c4 dxc4 16. bxc4 Rad8 17. Qe2 Ba4 18. d4 Bc6 19. f5 exf5 20. gxf5 Bxf3 21. Rxf3 cxd4 22. exd4 Rfe8 23. Qe6+ Kf8 24. Qe2 Bd6 25. Qc2 Rd7 26. Rd1 Rde7 27. Rdf1 Re2 28. Qb3 Rxh2 29. R3f2 Re4 30. Rxh2 Bxh2+ 31. Kg2 Re2+ 32. Kh1 Bg1 33. Ba3+ Kg8 0-1

[Event "Mecklenburg VP LL2 Ost 1819"]
[Site "Mecklenburg VP"]
[Date "2019.01.20"]
[Round "5.3"]
[White "Kilp, Andreas"]
[Black "Vietinghoff, Klaus"]
[Result "1/2-1/2"]
[WhiteElo "1683"]
[BlackElo "1694"]
[PlyCount "99"]
[EventDate "2018.10.21"]
[EventType "team-tourn"]
[EventRounds "9"]
[EventCountry "GER"]
[SourceTitle "EXT 2022"]
[Source "ChessBase"]
[SourceDate "2021.10.06"]
[SourceVersion "1"]
[SourceVersionDate "2021.10.06"]
[SourceQuality "1"]
[WhiteTeam "Torgelow Droegeheide II"]
[BlackTeam "Stralsund FHSG II"]
[WhiteTeamCountry "GER"]
[BlackTeamCountry "GER"]

1. e4 d6 2. d4 g6 3. Nf3 Bg7 4. Bd3 Bg4 5. c3 Nd7 6. h3 Bxf3 7. Qxf3 e5 8. Be3 Qe7 9. Nd2 a6 10. Bc4 Ngf6 11. Qe2 0-0 12. 0-0 Rae8 13. f3 Nh5 14. dxe5 Nxe5 15. Bb3 Ng3 16. Qf2 Nxf1 17. Qxf1 Qh4 18. Rd1 g5 19. Bf2 Qf4 20. Qe2 Qf6 21. Nf1 h5 22. Ne3 Qg6 23. g4 hxg4 24. hxg4 Nxf3+ 25. Qxf3 Qxe4 26. Qxe4 Rxe4 27. Bd5 Re5 28. Nc4 Re7 29. Bxb7 Be5 30. Be3 f6 31. Rf1 Kg7 32. Bc1 Rh8 33. Ne3 Kg8 34. Bd5+ Kf8 35. Kg2 Rh2+ 36. Kf3 Bf4 37. Re1 Rh3+ 38. Kf2 Re5 39. Bg2 Rh2 40. Kf3 d5 41. Rd1 c6 42. b3 Bxe3 43. Ba3+ Kf7 44. Bd6 Bf4 45. Bxe5 Bxe5 46. c4 d4 47. b4 Rh8 48. Ke4 Ke6 49. a4 Rb8 50. Rb1 1/2-1/2

[Event "Mecklenburg VP LL2 Ost 1819"]
[Site "Mecklenburg VP"]
[Date "2018.11.25"]
[Round "3.3"]
[White "Fechner, Henrik"]
[Black "Vietinghoff, Klaus"]
[Result "0-1"]
[WhiteElo "1767"]
[BlackElo "1694"]
[PlyCount "58"]
[EventDate "2018.10.21"]
[EventType "team-tourn"]
[EventRounds "9"]
[EventCountry "GER"]
[SourceTitle "EXT 2022"]
[Source "ChessBase"]
[SourceDate "2021.10.06"]
[SourceVersion "1"]
[SourceVersionDate "2021.10.06"]
[SourceQuality "1"]
[WhiteTeam "Binz Therme Ruegen"]
[BlackTeam "Stralsund FHSG II"]
[WhiteTeamCountry "GER"]
[BlackTeamCountry "GER"]

1. b3 e5 2. Bb2 Nc6 3. e3 d6 4. g3 Nf6 5. Bg2 Be7 6. Ne2 0-0 7. 0-0 Bf5 8. f4 Qd7 9. fxe5 dxe5 10. Na3 Bh3 11. Nc4 Bxg2 12. Kxg2 Qd5+ 13. Kg1 Rad8 14. Nc3 Qe6 15. Qe2 a6 16. a4 Rd7 17. Kh1 b5 18. axb5 axb5 19. Na5 b4 20. Nb5 Nxa5 21. Rxa5 Qd5+ 22. Qg2 c6 23. Qxd5 Rxd5 24. Ra7 Bc5 25. Nc7 Rxd2 26. Ra8 Bxe3 27. Rxf8+ Kxf8 28. Bxe5 Ng4 29. Bf4 Rxh2# 0-1

[Event "Mecklenburg VP LL2 Ost 1718"]
[Site "Mecklenburg VP"]
[Date "2018.02.25"]
[Round "6.2"]
[White "Vietinghoff, Klaus"]
[Black "Kilp, Gunnar"]
[Result "1-0"]
[WhiteElo "1733"]
[BlackElo "1685"]
[PlyCount "104"]
[EventDate "2017.10.08"]
[EventType "team-tourn"]
[EventRounds "9"]
[EventCountry "GER"]
[SourceTitle "EXT 2022"]
[Source "ChessBase"]
[SourceDate "2021.10.06"]
[SourceVersion "1"]
[SourceVersionDate "2021.10.06"]
[SourceQuality "1"]
[WhiteTeam "Stralsund FHSG II"]
[BlackTeam "Torgelow Droegeheide II"]
[WhiteTeamCountry "GER"]
[BlackTeamCountry "GER"]

1. f4 d5 2. Nf3 g6 3. e3 Bg7 4. d4 Bg4 5. Be2 e6 6. 0-0 Ne7 7. h3 Bxf3 8. Bxf3 0-0 9. c3 Nd7 10. Qe1 c5 11. g4 cxd4 12. exd4 b5 13. a3 a5 14. Be3 Nb6 15. Be2 Nc4 16. Bxc4 bxc4 17. a4 Rb8 18. Rf2 Qd7 19. Bc1 Nc8 20. Nd2 Nd6 21. Re2 Rb7 22. Nf3 Ne4 23. Ne5 Qc8 24. g5 f6 25. gxf6 Bxf6 26. Ng4 Qd8 27. Nxf6+ Qxf6 28. Rxe4 dxe4 29. Qxe4 Rfb8 30. Qe2 Rc7 31. Kg2 Qf5 32. Kh2 Kf7 33. Qe5 Qxe5 34. fxe5 Kg7 35. Kg3 Rf7 36. Rb1 h6 37. h4 Kh7 38. Bf4 Rfb7 39. Bc1 Rb3 40. Ra1 R3b7 41. Kf3 Rf7+ 42. Ke4 Rf1 43. d5 Rb7 44. dxe6 Rd1 45. e7 Rb8 46. e6 g5 47. hxg5 hxg5 48. Kf5 g4 49. Bf4 Rd5+ 50. Be5 Rxe5+ 51. Kxe5 Kg6 52. Rf1 Re8 1-0

[Event "Mecklenburg VP LL2 Ost 1718"]
[Site "Mecklenburg VP"]
[Date "2017.11.12"]
[Round "2.2"]
[White "Schwarz, Eckhard"]
[Black "Vietinghoff, Klaus"]
[Result "1/2-1/2"]
[WhiteElo "1844"]
[BlackElo "1733"]
[PlyCount "92"]
[EventDate "2017.10.08"]
[EventType "team-tourn"]
[EventRounds "9"]
[EventCountry "GER"]
[SourceTitle "EXT 2022"]
[Source "ChessBase"]
[SourceDate "2021.10.06"]
[SourceVersion "1"]
[SourceVersionDate "2021.10.06"]
[SourceQuality "1"]
[WhiteTeam "Waterkant Saal SV"]
[BlackTeam "Stralsund FHSG II"]
[WhiteTeamCountry "GER"]
[BlackTeamCountry "GER"]

1. b3 e5 2. Bb2 d6 3. e3 Bf5 4. c4 Nf6 5. Nc3 Nc6 6. Be2 Be7 7. Nf3 0-0 8. 0-0 h6 9. d3 Qd7 10. e4 Bg4 11. a3 Rae8 12. b4 Bxf3 13. Bxf3 Nd4 14. Nd5 Nxf3+ 15. Qxf3 Nxd5 16. cxd5 Bf6 17. Rfc1 Rc8 18. Rc4 c6 19. dxc6 Rxc6 20. Rac1 Rxc4 21. dxc4 Rc8 22. Qd3 Qe6 23. b5 Bd8 24. a4 Bb6 25. h3 Qf6 26. Qe2 Qf4 27. Rc2 f5 28. exf5 Qxf5 29. Rd2 Qf6 30. Qe4 Qf7 31. Rc2 g6 32. Kf1 Kf8 33. f3 Qf5 34. Qxf5+ gxf5 35. g4 fxg4 36. hxg4 Kf7 37. Rc1 Kg6 38. Ke2 h5 39. gxh5+ Kxh5 40. Kd3 Rf8 41. Rh1+ Kg6 42. Rh3 Rf4 43. Bc3 Kg7 44. a5 Bc5 45. Rg3+ Kf7 46. Rh3 Kg7 1/2-1/2

[Event "MVP-ch Seniors op 16th"]
[Site "Binz"]
[Date "2016.11.23"]
[Round "1.13"]
[White "Nuenchert, Eveline"]
[Black "Vietinghoff, Klaus"]
[Result "0-1"]
[WhiteElo "2086"]
[BlackElo "1841"]
[PlyCount "78"]
[EventDate "2016.11.23"]
[EventType "swiss"]
[EventRounds "9"]
[EventCountry "GER"]
[SourceTitle "EXT 2018"]
[Source "ChessBase"]
[SourceDate "2017.10.13"]
[SourceVersion "1"]
[SourceVersionDate "2017.10.13"]
[SourceQuality "1"]

1. e4 d6 2. d4 g6 3. Nf3 Bg7 4. Bc4 Nf6 5. Nc3 0-0 6. Bb3 Bg4 7. h3 Bxf3 8. Qxf3 Nbd7 9. Be3 e5 10. 0-0-0 c6 11. dxe5 Nxe5 12. Qe2 Qc7 13. Qd2 Ne8 14. f4 Nd7 15. Rhe1 b5 16. Ne2 a5 17. c3 a4 18. Bc2 b4 19. cxb4 a3 20. b3 c5 21. bxc5 Nxc5 22. Kb1 Rb8 23. Bd4 Qb6 24. Nc3 Qc7 25. e5 Ne6 26. Ne4 dxe5 27. Bxe5 Rd8 28. Qf2 Qe7 29. Rxd8 Qxd8 30. Rd1 Qc8 31. Qd2 Bxe5 32. fxe5 f5 33. exf6 Nxf6 34. Nd6 Qc6 35. Qe3 Ng7 36. g4 Nd5 37. Qe5 Nc3+ 38. Kc1 Nxd1 39. Ne4 Nf2 0-1

[Event "Mecklenburg VP LL2 Ost 1617"]
[Site "Mecklenburg VP"]
[Date "2016.11.06"]
[Round "2.3"]
[White "Vietinghoff, Klaus"]
[Black "Onasch, Gunnar"]
[Result "1-0"]
[WhiteElo "1707"]
[BlackElo "1804"]
[PlyCount "61"]
[EventDate "2016.10.16"]
[EventType "team-tourn"]
[EventRounds "9"]
[EventCountry "GER"]
[SourceTitle "EXT 2022"]
[Source "ChessBase"]
[SourceDate "2021.10.06"]
[SourceVersion "1"]
[SourceVersionDate "2021.10.06"]
[SourceQuality "1"]
[WhiteTeam "Stralsund FHSG II"]
[BlackTeam "Waterkant Saal SV"]
[WhiteTeamCountry "GER"]
[BlackTeamCountry "GER"]

1. f4 d5 2. Nf3 c5 3. e3 g6 4. d4 Bg7 5. c3 Nf6 6. Bd3 Bf5 7. 0-0 Bxd3 8. Qxd3 c4 9. Qc2 Nc6 10. Nbd2 Qc7 11. Ne5 0-0 12. e4 e6 13. Nxc6 Qxc6 14. e5 Nd7 15. Nf3 b5 16. Be3 Rfb8 17. g4 Qb6 18. Qf2 b4 19. f5 bxc3 20. bxc3 exf5 21. gxf5 Qb2 22. Qxb2 Rxb2 23. fxg6 hxg6 24. Ng5 f6 25. Ne6 fxe5 26. Nxg7 Kxg7 27. dxe5 Rh8 28. e6 Ne5 29. Bd4 Re2 30. Rae1 Rhxh2 31. Bxe5+ 1-0

[Event "Mecklenburg VP VL 1516"]
[Site "Mecklenburg VP"]
[Date "2016.01.17"]
[Round "5.7"]
[White "Goertz, Frank"]
[Black "Vietinghoff, Klaus"]
[Result "0-1"]
[WhiteElo "1906"]
[BlackElo "1757"]
[PlyCount "88"]
[EventDate "2015.09.20"]
[EventType "team-tourn"]
[EventRounds "9"]
[EventCountry "GER"]
[SourceTitle "EXT 2022"]
[Source "ChessBase"]
[SourceDate "2021.10.06"]
[SourceVersion "1"]
[SourceVersionDate "2021.10.06"]
[SourceQuality "1"]
[WhiteTeam "Schwerin SF IV"]
[BlackTeam "Stralsund FHSG"]
[WhiteTeamCountry "GER"]
[BlackTeamCountry "GER"]

1. e4 d6 2. d4 g6 3. Nf3 Bg7 4. c4 Bg4 5. Be2 Nd7 6. 0-0 Bxf3 7. Bxf3 e5 8. d5 Ne7 9. Nc3 0-0 10. g4 h6 11. g5 Kh7 12. Be3 hxg5 13. Bxg5 Bh6 14. Qd2 Bxg5 15. Qxg5 Ng8 16. Qxd8 Raxd8 17. Kg2 Ngf6 18. b4 Kg7 19. Rac1 a6 20. Ne2 b6 21. Ng3 Rh8 22. Rh1 Rh4 23. a4 Rdh8 24. Rce1 a5 25. bxa5 bxa5 26. Bd1 Nc5 27. f3 Nd3 28. Re3 Nf4+ 29. Kg1 Rb8 30. Rb3 Rxb3 31. Bxb3 Nd7 32. Kf2 Nc5 33. Bc2 Nfd3+ 34. Ke3 Nb2 35. Ne2 Nxc4+ 36. Kf2 Na3 37. Bd1 Nb1 38. Kg3 Rh8 39. Bc2 Na3 40. Rc1 Rb8 41. Bd1 f5 42. Nc3 f4+ 43. Kg4 Nc4 44. Nb5 Ne3+ 0-1

[Event "Mecklenburg VP VL 1415"]
[Site "Mecklenburg VP"]
[Date "2014.09.21"]
[Round "1.8"]
[White "Vietinghoff, Klaus"]
[Black "Giering, Nils"]
[Result "0-1"]
[WhiteElo "1690"]
[BlackElo "1635"]
[PlyCount "100"]
[EventDate "2014.09.21"]
[EventType "team-tourn"]
[EventRounds "9"]
[EventCountry "GER"]
[SourceTitle "EXT 2022"]
[Source "ChessBase"]
[SourceDate "2021.10.06"]
[SourceVersion "1"]
[SourceVersionDate "2021.10.06"]
[SourceQuality "1"]
[WhiteTeam "Stralsund FHSG"]
[BlackTeam "Gryps SV"]
[WhiteTeamCountry "GER"]
[BlackTeamCountry "GER"]

1. f4 d5 2. Nf3 c5 3. e3 Nc6 4. Bb5 a6 5. Bxc6+ bxc6 6. d3 g6 7. Ne5 Qc7 8. Nd2 Bg7 9. Nef3 Nh6 10. 0-0 Rb8 11. Rb1 Nf5 12. Qe1 0-0 13. g4 Nh6 14. h3 f5 15. g5 Nf7 16. Qg3 e5 17. b3 e4 18. Nh4 Re8 19. Bb2 Qa5 20. Bxg7 Kxg7 21. Qg2 Qxa2 22. dxe4 fxe4 23. f5 Bxf5 24. Rxf5 gxf5 25. Nxf5+ Kh8 26. h4 Rg8 27. Rf1 Qb2 28. Kh1 Qe5 29. Rf4 Rbf8 30. Qg4 Qe6 31. Nh6 Qxg4 32. Nxg4 Nd8 33. Nf6 Ne6 34. Rf5 Rg7 35. Re5 Re7 36. c4 d4 37. exd4 cxd4 38. Rxe4 Rff7 39. b4 d3 40. Kg1 Kg7 41. Nf3 h6 42. Nd2 hxg5 43. hxg5 Nxg5 44. Nh5+ Kh6 45. Rxe7 Rxe7 46. Ng3 Rf7 47. Ngf1 Nf3+ 48. Kg2 Nxd2 49. Nxd2 Kg5 50. Kg3 Rf4 0-1